<?xml version="1.0" encoding="UTF-8"?>
<record
    xmlns:xsi="http://www.w3.org/2001/XMLSchema-instance"
    xsi:schemaLocation="http://www.loc.gov/MARC21/slim http://www.loc.gov/standards/marcxml/schema/MARC21slim.xsd"
    xmlns="http://www.loc.gov/MARC21/slim">

  <leader>01308cam a22003134a 4500</leader>
  <controlfield tag="003">OSt</controlfield>
  <controlfield tag="005">20180815174700.0</controlfield>
  <controlfield tag="008">050322s2005    gw a     b    001 0 ger  </controlfield>
  <datafield tag="020" ind1=" " ind2=" ">
    <subfield code="a">3540208070 (hardcover : alk. paper)</subfield>
  </datafield>
  <datafield tag="020" ind1=" " ind2=" ">
    <subfield code="a">9783540208075</subfield>
  </datafield>
  <datafield tag="040" ind1=" " ind2=" ">
    <subfield code="a">DLC</subfield>
    <subfield code="c">DLC</subfield>
    <subfield code="d">DLC</subfield>
    <subfield code="b">eng</subfield>
  </datafield>
  <datafield tag="050" ind1="0" ind2="0">
    <subfield code="a">QC173</subfield>
    <subfield code="b">.H17513 2005</subfield>
  </datafield>
  <datafield tag="082" ind1="0" ind2="0">
    <subfield code="a">539</subfield>
    <subfield code="2">22</subfield>
    <subfield code="b">HHP</subfield>
  </datafield>
  <datafield tag="100" ind1="1" ind2=" ">
    <subfield code="a">Haken, H.</subfield>
    <subfield code="9">57218</subfield>
  </datafield>
  <datafield tag="240" ind1="1" ind2="0">
    <subfield code="a">Atom- und Quantenphysik.</subfield>
    <subfield code="l">English</subfield>
  </datafield>
  <datafield tag="245" ind1="1" ind2="4">
    <subfield code="a">The physics of atoms and quanta :</subfield>
    <subfield code="b">introduction to experiments and theory /</subfield>
    <subfield code="c">Haken, Hermann, Wolf, Hans Christoph Wolf ; translated by William D. Brewer.</subfield>
  </datafield>
  <datafield tag="250" ind1=" " ind2=" ">
    <subfield code="a">7th ed. rev. and enl. ed.</subfield>
  </datafield>
  <datafield tag="260" ind1=" " ind2=" ">
    <subfield code="a">Berlin ;</subfield>
    <subfield code="a">New York :</subfield>
    <subfield code="b">Springer,</subfield>
    <subfield code="c">c2005.</subfield>
  </datafield>
  <datafield tag="300" ind1=" " ind2=" ">
    <subfield code="a">xx, 517 p. :</subfield>
    <subfield code="b">ill. ;</subfield>
    <subfield code="c">25  cm.</subfield>
  </datafield>
  <datafield tag="504" ind1=" " ind2=" ">
    <subfield code="a">Includes bibliographical references (p. [499]-505) and index.</subfield>
  </datafield>
  <datafield tag="650" ind1=" " ind2="0">
    <subfield code="a">Atoms.</subfield>
    <subfield code="9">8910</subfield>
  </datafield>
  <datafield tag="650" ind1=" " ind2="0">
    <subfield code="a">Quantum theory.</subfield>
    <subfield code="9">64156</subfield>
  </datafield>
  <datafield tag="700" ind1="1" ind2=" ">
    <subfield code="a">Wolf, H. C.</subfield>
    <subfield code="q">(Hans Christoph),</subfield>
    <subfield code="d">1929-</subfield>
    <subfield code="9">57220</subfield>
  </datafield>
  <datafield tag="856" ind1="4" ind2="2">
    <subfield code="3">Publisher description</subfield>
    <subfield code="u">http://www.loc.gov/catdir/enhancements/fy0662/2005924537-d.html</subfield>
  </datafield>
  <datafield tag="856" ind1="4" ind2="1">
    <subfield code="3">Table of contents only</subfield>
    <subfield code="u">http://www.loc.gov/catdir/enhancements/fy0813/2005924537-t.html</subfield>
  </datafield>
  <datafield tag="942" ind1=" " ind2=" ">
    <subfield code="c">BOOK</subfield>
  </datafield>
  <datafield tag="906" ind1=" " ind2=" ">
    <subfield code="a">7</subfield>
    <subfield code="b">cbc</subfield>
    <subfield code="c">orignew</subfield>
    <subfield code="d">2</subfield>
    <subfield code="e">epcn</subfield>
    <subfield code="f">20</subfield>
    <subfield code="g">y-gencatlg</subfield>
  </datafield>
  <datafield tag="999" ind1=" " ind2=" ">
    <subfield code="c">42578</subfield>
    <subfield code="d">312198</subfield>
  </datafield>
  <datafield tag="952" ind1=" " ind2=" ">
    <subfield code="1">0</subfield>
    <subfield code="2">2018-08-15</subfield>
    <subfield code="4">0</subfield>
    <subfield code="7">0</subfield>
    <subfield code="a">539 HHP</subfield>
    <subfield code="d">2018-08-15</subfield>
    <subfield code="h">CL</subfield>
    <subfield code="i">00656832</subfield>
    <subfield code="m">CL</subfield>
    <subfield code="r">2018-08-15 00:00:00</subfield>
    <subfield code="t">BOOK</subfield>
    <subfield code="w">ddc</subfield>
    <subfield code="y">0</subfield>
  </datafield>
  <datafield tag="952" ind1=" " ind2=" ">
    <subfield code="1">0</subfield>
    <subfield code="2">2018-08-15</subfield>
    <subfield code="4">0</subfield>
    <subfield code="7">0</subfield>
    <subfield code="a">539 HHP</subfield>
    <subfield code="d">2018-08-15</subfield>
    <subfield code="h">CL</subfield>
    <subfield code="i">00656833</subfield>
    <subfield code="m">CL</subfield>
    <subfield code="r">2018-08-15 00:00:00</subfield>
    <subfield code="t">BOOK</subfield>
    <subfield code="w">ddc</subfield>
    <subfield code="y">0</subfield>
  </datafield>
  <datafield tag="952" ind1=" " ind2=" ">
    <subfield code="1">0</subfield>
    <subfield code="2">2018-08-15</subfield>
    <subfield code="4">0</subfield>
    <subfield code="7">0</subfield>
    <subfield code="a">539 HHP</subfield>
    <subfield code="d">2018-08-15</subfield>
    <subfield code="h">CL</subfield>
    <subfield code="i">00656834</subfield>
    <subfield code="m">CL</subfield>
    <subfield code="r">2018-08-15 00:00:00</subfield>
    <subfield code="t">BOOK</subfield>
    <subfield code="w">ddc</subfield>
    <subfield code="y">0</subfield>
  </datafield>
  <datafield tag="952" ind1=" " ind2=" ">
    <subfield code="1">0</subfield>
    <subfield code="2">2018-08-18</subfield>
    <subfield code="4">0</subfield>
    <subfield code="7">0</subfield>
    <subfield code="a">539 HHP</subfield>
    <subfield code="d">2018-08-18</subfield>
    <subfield code="h">SZM</subfield>
    <subfield code="i">00657062</subfield>
    <subfield code="m">SZM</subfield>
    <subfield code="r">2018-08-18 00:00:00</subfield>
    <subfield code="t">BOOK</subfield>
    <subfield code="w">ddc</subfield>
    <subfield code="y">0</subfield>
  </datafield>
  <datafield tag="952" ind1=" " ind2=" ">
    <subfield code="1">0</subfield>
    <subfield code="2">2018-08-18</subfield>
    <subfield code="4">0</subfield>
    <subfield code="7">0</subfield>
    <subfield code="a">539 HHP</subfield>
    <subfield code="d">2018-08-18</subfield>
    <subfield code="h">SZM</subfield>
    <subfield code="i">00657063</subfield>
    <subfield code="m">SZM</subfield>
    <subfield code="r">2018-08-18 00:00:00</subfield>
    <subfield code="t">BOOK</subfield>
    <subfield code="w">ddc</subfield>
    <subfield code="y">0</subfield>
  </datafield>
  <datafield tag="952" ind1=" " ind2=" ">
    <subfield code="1">0</subfield>
    <subfield code="2">2018-09-21</subfield>
    <subfield code="4">0</subfield>
    <subfield code="7">0</subfield>
    <subfield code="a">539 HHP</subfield>
    <subfield code="d">2018-09-21</subfield>
    <subfield code="h">EZF</subfield>
    <subfield code="i">00751092</subfield>
    <subfield code="m">EZF</subfield>
    <subfield code="r">2018-09-21 00:00:00</subfield>
    <subfield code="t">BOOK</subfield>
    <subfield code="w">ddc</subfield>
    <subfield code="y">0</subfield>
  </datafield>
  <datafield tag="952" ind1=" " ind2=" ">
    <subfield code="1">0</subfield>
    <subfield code="2">2018-09-21</subfield>
    <subfield code="4">0</subfield>
    <subfield code="7">0</subfield>
    <subfield code="a">539 HHP</subfield>
    <subfield code="d">2018-09-21</subfield>
    <subfield code="h">EZF</subfield>
    <subfield code="i">00751093</subfield>
    <subfield code="m">EZF</subfield>
    <subfield code="r">2018-09-21 00:00:00</subfield>
    <subfield code="t">BOOK</subfield>
    <subfield code="w">ddc</subfield>
    <subfield code="y">0</subfield>
  </datafield>
  <datafield tag="952" ind1=" " ind2=" ">
    <subfield code="1">0</subfield>
    <subfield code="2">2018-09-21</subfield>
    <subfield code="4">0</subfield>
    <subfield code="7">0</subfield>
    <subfield code="a">539 HHP</subfield>
    <subfield code="d">2018-09-21</subfield>
    <subfield code="h">SHF</subfield>
    <subfield code="i">00751094</subfield>
    <subfield code="m">SHF</subfield>
    <subfield code="r">2018-09-21 00:00:00</subfield>
    <subfield code="t">BOOK</subfield>
    <subfield code="w">ddc</subfield>
    <subfield code="y">0</subfield>
  </datafield>
  <datafield tag="952" ind1=" " ind2=" ">
    <subfield code="1">0</subfield>
    <subfield code="2">2018-09-21</subfield>
    <subfield code="4">0</subfield>
    <subfield code="7">0</subfield>
    <subfield code="a">539 HHP</subfield>
    <subfield code="d">2018-09-21</subfield>
    <subfield code="h">SHF</subfield>
    <subfield code="i">00751095</subfield>
    <subfield code="m">SHF</subfield>
    <subfield code="r">2018-09-21 00:00:00</subfield>
    <subfield code="t">BOOK</subfield>
    <subfield code="w">ddc</subfield>
    <subfield code="y">0</subfield>
  </datafield>
  <datafield tag="952" ind1=" " ind2=" ">
    <subfield code="1">0</subfield>
    <subfield code="2">2018-09-21</subfield>
    <subfield code="4">0</subfield>
    <subfield code="7">0</subfield>
    <subfield code="a">539 HHP</subfield>
    <subfield code="d">2018-09-21</subfield>
    <subfield code="h">EMF</subfield>
    <subfield code="i">00751098</subfield>
    <subfield code="m">EMF</subfield>
    <subfield code="r">2018-09-21 00:00:00</subfield>
    <subfield code="t">BOOK</subfield>
    <subfield code="w">ddc</subfield>
    <subfield code="y">0</subfield>
  </datafield>
  <datafield tag="952" ind1=" " ind2=" ">
    <subfield code="1">0</subfield>
    <subfield code="2">2024-09-19</subfield>
    <subfield code="4">0</subfield>
    <subfield code="7">0</subfield>
    <subfield code="a">539 HHP</subfield>
    <subfield code="d">2024-09-19</subfield>
    <subfield code="h">EZF</subfield>
    <subfield code="i">00751096</subfield>
    <subfield code="m">EZF</subfield>
    <subfield code="r">2024-09-19 00:00:00</subfield>
    <subfield code="t">BOOK</subfield>
    <subfield code="w">ddc</subfield>
    <subfield code="y">0</subfield>
  </datafield>
  <datafield tag="952" ind1=" " ind2=" ">
    <subfield code="1">0</subfield>
    <subfield code="2">2024-09-19</subfield>
    <subfield code="4">0</subfield>
    <subfield code="7">0</subfield>
    <subfield code="a">539 HHP</subfield>
    <subfield code="d">2024-09-19</subfield>
    <subfield code="h">EZF</subfield>
    <subfield code="i">00751097</subfield>
    <subfield code="m">EZF</subfield>
    <subfield code="r">2024-09-19 00:00:00</subfield>
    <subfield code="t">BOOK</subfield>
    <subfield code="w">ddc</subfield>
    <subfield code="y">0</subfield>
  </datafield>
</record>
